Available water supply of the Las Vegas ground-water basin, Nevada / (Record no. 30203)
[ view plain ]
| 000 -LEADER | |
|---|---|
| fixed length control field | 01415cam a22003011 4500 |
| 001 - CONTROL NUMBER | |
| control field | gs 66000160 |
| 003 - CONTROL NUMBER IDENTIFIER | |
| control field | DLC |
| 005 - DATE AND TIME OF LATEST TRANSACTION | |
| control field | 20260227111419.0 |
| 008 - FIXED-LENGTH DATA ELEMENTS--GENERAL INFORMATION | |
| fixed length control field | 790405s1965 dcuab b 000 0 eng c |
| 010 ## - LIBRARY OF CONGRESS CONTROL NUMBER | |
| LC control number | gs 66000160 |
| 040 ## - CATALOGING SOURCE | |
| Original cataloging agency | U.S. Geol. Survey Lib. |
| Transcribing agency | DLC |
| Modifying agency | DLC |
| 043 ## - GEOGRAPHIC AREA CODE | |
| Geographic area code | n-us-nv |
| 050 00 - LIBRARY OF CONGRESS CALL NUMBER | |
| Classification number | TC801 |
| Item number | .U2 no. 1780 |
| 051 ## - LIBRARY OF CONGRESS COPY, ISSUE, OFFPRINT STATEMENT | |
| Classification number | GB1025.N4 |
| Item number | M23 |
| Copy information | Copy 2. |
| 100 1# - MAIN ENTRY--PERSONAL NAME | |
| Personal name | Malmberg, Glenn T. |
| Fuller form of name | (Glenn Thomas), |
| Dates associated with a name | 1925- |
| 245 10 - TITLE STATEMENT | |
| Title | Available water supply of the Las Vegas ground-water basin, Nevada / |
| Statement of responsibility, etc. | by Glenn T. Malmberg. |
| 260 ## - PUBLICATION, DISTRIBUTION, ETC. | |
| Place of publication, distribution, etc. | Washington : |
| Name of publisher, distributor, etc. | U.S. Govt. Print. Off., |
| Date of publication, distribution, etc. | 1965. |
| 300 ## - PHYSICAL DESCRIPTION | |
| Extent | vi, 116 p. : |
| Other physical details | illus., maps and portfolio (13 fold. col. maps) ; |
| Dimensions | 24 cm. |
| 410 10 - SERIES STATEMENT/ADDED ENTRY--CORPORATE NAME [OBSOLETE, CAN/MARC], [LOCAL, USA] | |
| Corporate name or jurisdiction name as entry element | U.S. |
| Subordinate unit | Geological Survey. |
| Title of a work | Water-supply paper |
| Volume number/sequential designation | 1780 |
| 500 ## - GENERAL NOTE | |
| General note | Prepared in cooperation with Nevada Dept. of Conservation and Natural Resources. |
| 501 ## - WITH NOTE | |
| With note | Copy 3 with : Stream hydrology related to the optimum discharge for king salmon spawning in the Northern California coast ranges. Washington : U.S. Govt. Print. Off., 1964. Bound together subsequent to publication. |
| Institution to which field applies | DLC |
| 504 ## - BIBLIOGRAPHY, ETC. NOTE | |
| Bibliography, etc. note | Bibliography: p. 111-114. |
| 650 #0 - SUBJECT ADDED ENTRY--TOPICAL TERM | |
| Topical term or geographic name entry element | Water-supply |
| Geographic subdivision | Nevada |
| -- | Las Vegas Region. |
| 650 #0 - SUBJECT ADDED ENTRY--TOPICAL TERM | |
| Topical term or geographic name entry element | Groundwater |
| Geographic subdivision | Nevada |
| -- | Las Vegas Region. |
| 650 #0 - SUBJECT ADDED ENTRY--TOPICAL TERM | |
| Topical term or geographic name entry element | Geology |
| Geographic subdivision | Nevada |
| -- | Las Vegas Region. |
| 650 #0 - SUBJECT ADDED ENTRY--TOPICAL TERM | |
| Topical term or geographic name entry element | Water |
| General subdivision | Composition |
| Geographic subdivision | Nevada |
| -- | Las Vegas Region. |
| 710 1# - ADDED ENTRY--CORPORATE NAME | |
| Corporate name or jurisdiction name as entry element | Nevada. |
| Subordinate unit | Department of Conservation and Natural Resources. |
No items available.